| 000 | 00648nam a2200265Ia 4500 | ||
|---|---|---|---|
| 005 | 20260324153145.0 | ||
| 008 | 008 260324s9999 xx 000 0 eng d | ||
| 020 | _a9780323481045 | ||
| 037 | _aEBOOK | ||
| 040 | _aCRL | ||
| 040 | _beng | ||
| 040 | _cCRL | ||
| 041 | _2eng | ||
| 041 | _aeng | ||
| 084 | _qCRL | ||
| 100 |
_aThakur, Vijay Kumar _91230740 |
||
| 245 | 0 | _aBiopolymer Grafting: Synthesis and Properties | |
| 260 | _bElsevier | ||
| 260 | _c2017 | ||
| 650 | _aMaterials Science | ||
| 856 | _uhttps://www.sciencedirect.com/science/book/9780323481045 | ||
| 942 | _cEBOOK | ||
| 999 |
_c1841988 _d1841988 |
||